000 00324nam a22001337a 4500
008 171027b xxu||||| |||| 00| 0 eng d
020 _a9781932819588
041 _aeng
080 _a336
100 _a56
101 _aFIN
245 _aFUNDAMENTALS OF INVESTMENTS FOR FINANCIAL PLANNING
_cWOERHEIDE, W.J
942 _2udc
_cBK
999 _c36283
_d36283